00408 a2200121 4500001001000000005001700010008004100027245006300068100003600131700002600167773007600193999001700269ART_4185220260410162024.0260409a 10aNuevos patrones de migración intermunicipal en el Brasil1 aLima, Everton Emanuel Campos de1 aGomes Braga, Fernando0 tNotas de poblacióng- Año XLIII, Nº 103 (jul./dic. 2016)wREV41841 c33358d33358